00640cam a22002057a 4500003000500000005001700005008004100022010000900063011000900072035000900081040000900090100003300099245006200132500006200194650003100256650003400287650003700321650004200358700003400400CHAP20241112062702.0971013s r 00010 d a6990 a7962 a7187 cCHAP10aGómez Cruz, Manuel Ángel13aEl TLC y su impacto en el sector agropecuario en México aSobretiro de : Agronegocios en México 1(9) : 6-24, 199204aMéxicoxComerciozE.U.A.14aMéxicoxComercioxCanadá.14aProductos agrícolasxMercadeo.14aTratado Trilateral de Libre Comercio.1 aSchwentesius Rindermann, Rita